ロード中...

Graft incompatibility in fruit trees with particular refere-nce to its underlying causes 1962 /

書誌詳細
第一著者: Mosse, Barbara
言語:Undetermined
出版事項: 1962.
シリーズ:Commonwealth bureau of horticulture and plantation crops,tec
LEADER 00508nam a2200133Ia 4500
001 25847
008 170722s9999 xx 000 0 und d
100 |a Mosse, Barbara 
245 |a Graft incompatibility in fruit trees with particular refere-nce to its underlying causes 1962 / 
260 |c 1962. 
490 |a Commonwealth bureau of horticulture and plantation crops,tec 
942 |c GEN 
999 |c 59197  |d 59197 
952 |0 0  |1 0  |4 0  |6 J_373_K2  |7 0  |8 CR  |9 84614  |a LIB  |b LIB  |d 2017-08-12  |h CR  |o J37:3 K2  |p 88773  |r 2017-08-12  |w 2017-08-12  |y GEN